|
|
|
|
| LEADER |
00754nam a2200193 a 4500 |
| 008 |
090804s2000 enk 00010 eng d |
| 020 |
|
|
|a 0198312512
|
| 040 |
|
|
|a GZM
|c GZM
|
| 082 |
0 |
0 |
|a 823/.8/08
|2 21
|
| 245 |
1 |
0 |
|a Contemporary stories /
|c selected and edited by Nick Jones.
|
| 260 |
|
|
|a Oxford :
|b Oxford University Press,
|c 2000.
|
| 300 |
|
|
|a ix, 150 p. ;
|c 22 cm.
|
| 541 |
1 |
|
|e 00009036
|
| 650 |
|
0 |
|a Short stories, English.
|
| 700 |
1 |
|
|a Jones, Nick.
|
| 852 |
4 |
|
|a Ayesha Abed Library
|j General Shelf.
|
| 942 |
0 |
0 |
|0 1
|
| 999 |
|
|
|c 3326
|d 3326
|
| 952 |
|
|
|0 0
|1 0
|2 ddc
|4 0
|6 823_808000000000000_JON_2000
|7 0
|9 3017
|a BRACUL
|b BRACUL
|c GEN
|d 2009-08-31
|g 0.00
|l 9
|m 40
|o 823.808 JON
|p 3010009036
|r 2025-08-25
|s 2025-08-18
|t 1
|w 2009-08-31
|y BK
|x No price found in the accession register.
|